000 00758nam a2200205Ii 4500
003 JO-AjNU
008 230605s9999||||xx |||||||||||||| ||und||
017 _a2012/10/3845
040 _aJO-AjNU
_bara
_erda
_cJO-AjNU
041 _aara
050 1 4 _aPJ7864.A4.A17 2012
100 3 _aالتل، محمود فضيل ,
_eauthor
_961132
245 0 0 _aجدار الانتظار
264 3 1 _aعمان: وزارة الثقافه، 2012
300 _a142ص
_bمكتبة الاسرة، مهرجان القراءة للجميع/ الاردن-عمان-وزارة الثقافة
336 _atext
_btxt
_2rdacontent
337 _aunmediated
_bn
_2rdamedia
338 _avolume
_bnc
_2rdacarrier
650 4 _aالشعر العربي- القرن- الاردن
_961133
999 _aA27613
_c31181
_d31181